zpět

Detail výsledku týmu

Štulbach, Horní Moštěnice

Datum a čas kvízu

33.5 Celkem bodů Celkový počet nahraných bodů na tomto kvízu bez doplňovacích otázek.
2. Pořadí na kvízu Konečné umístění týmu na tomto kvízu.

Zaznamenané odpovědi

# Otázka Odpověď Body Výsledky
1. Co bylo hlavní motivací kavárn... C 0
2. Kterým dvěma politikům praskla... Andrej Babiš, Emmanuel Macron 1
3. Který hororový snímek získal v... Hříšníci/Sinners 1
4. V pondělí opustila přísně stře... Předmostecká/Předmostí 1
5. Rvačky nejsou v NHL ničím neob... Florida Panthers, San Jose Sharks 0.5
6. Jak se jmenuje italský horolez... Reinhold Messner 1
7. Jak se trojslovně jmenuje disc... lezení na obtížnost 1
8. Jak se jmenuje tento základní... dračí smyčka 1
9. Za půl bodu napište jméno ikon... Matterhorn, Švýcarsko a Itálie 1
10. Jak se jmenuje fenomenální slo... B) Janja Garnbret 0